=LDR 00000nam 2200000 4500 =001 INLIS000000000031106 =005 20200720012703 =035 ##$$a 0010-061300000031106 =008 200720################g##########0#ind## =041 ##$$a ind =082 ##$$a 2x6.4 =090 ##$$a 2x6.4, Isf y =100 ##$$a Isfa =245 1#$$a Yang cantik yang bertadab /$c Isfa; Editor, Bahrun Abubakar, LC, Nurlaelah =260 ##$$a Bandung :$b Nuansa Aulia,$c 2007 =300 ##$$a 416 hlm, ; $c 20 x 13 cm. =650 #4$$a Wanita dalam Islam =700 #$$a Abubakar, Bahrun =700 #$$a Nurlaelah =850 ##$$a NBPNMAT =020 ##$$a 979-3944-97-8 =084 ##$$a 2x6.4 ISF y =990 ##$$a 20900524 =990 ##$$a 20900522